LEADER 00545nam a2200169 i 4500 001 000000215664 003 CaOOAMICUS 005 20120831000000.0 008 120831s1868 it u000 u fre u 013 $a194539 040 $aSeMil$bita 245 10$a681-1326. 300 $a646 p. 773 0 $aGuérin, Paul <1830-1908>$tConciles.$dBar-Le-Duc : L. Guérin et C., 1869.$gTome2$w()6703 850 $aSeMil 852 $aSeMil$W1$xVenegono$y1$m2A IV 3 FA$j166084$B166084$CSeMilBibl$Z2$F177032 $8I 996 $6245$a681-1326$9(OLS)http://semarc/title/310416 LEADER 01126nam a2200229 i 4500 001 000000199977 003 CaOOAMICUS 005 20110331000000.0 008 110331s1886 it u000 u ita u 013 $a178675 040 $aSeMil$bita 100 1 $aBacile, Gaetano .$0(OLS)http://semarc/name/72323 245 10$aDiscorso recitato nel giorno del suo primo ingresso alla R. Basilica di S. Nicola di Bari /$cdaol Gran Priore della medesima Mons. Gaetano Bacile De' Baroni di Castiglione, vescovo di Castellaneta. 260 $aLecce :$bTipo.Lit. Editrice Salentina,$c1886. 300 $a16 p. ;$c24 cm. 500 $aSul front. : Dedica. 650 4$aBari (Diocesi) - Omelie e discorsi.$0(OLS)http://semarc/subject/37547 773 0 $t[Oratoria.$d[S.l. : s.n.] $w()24621 850 $aSeMil 852 $aSeMil$W1$xVenegono$y1$m5A II 1/31 FA$j150511$B150511$CSeMilBibl$Z2$F161857 $8I 996 $6245$aDiscorso recitato nel giorno del suo primo ingresso alla R. Basilica di S. Nicola di Bari$9(OLS)http://semarc/title/289144 996 $6260$aLecce :$bTipo.Lit. Editrice Salentina$9(OLS)http://semarc/publisher/51416